000 00519nam a22001817a 4500
005 20170818154442.0
010 _aENG-119953
020 _c250.00
_a9788179254752
035 _aEN-103485
037 _bDBAD/PUB
082 _a759.954
100 _aKetkar,Sandhya
245 _aThe history of Indian art /
_cby Sandhya Ketkar
260 _aTeynampet
_bJyotsna Prakashan
_c2016
270 _a421
_bTeynampet(Chennai )
_e600013
300 _axxxiii,1509p.
_c19cm(Hb)
942 _2ddc
_cEN
_mKET
_h759.954
999 _c143563
_d143563